Statystyki dla Jak dobrze znasz piosenkę "Parostatek" Krzysztofa Krawczyka?

Kliknij tutaj aby rozwiązać quiz!

Ogólne statystyki

  • Ten quiz został rozwiązany 18 razy
  • Średni wynik to 15 z 23

Statystyki odpowiedzi

TekstBrakujące słowo% Poprawnych
Jest takie zdjęcie, istny ...cud
100%
W starym albumie u mego ...dziadka
100%
Parostatkiem w piękny rejs, ... na parę w piękny rejsstatkiem
94%
... na parę sprzed lat stuStatek
88%
Kąpielowy kostium włóż i na pokładzie ... złóżciało
82%
... bosmanem był na tym statkuDziadek
82%
Lecz kiedy dziadek ... zapaliłfajkę
82%
Dobry ... to zdjęcie zrobiłfotograf
82%
Proszę nie wychylać się za ...burtę
71%
Słońce na górze ... lśnipięknie
71%
Bo tutaj ... maszyny, bo tutaj głosem dziewczynyszum
71%
Wśród ... wzbudzał wiecznie strachmajtków
65%
... mu zaczął płuca grzaćTytoń
65%
Cała załoga stała we ...łzach
53%
Dziadek coś ..., tytoń się paliłnucił
53%
Przy wtórze ... bosmana, głośnych krzyków aż od ranaklątw
47%
Tłum ... pokład mu zdobimarynarzy
47%
Tak śpiewnie dusza ...łka
41%
Płynący w falach, wśród ... stadkamewek
41%
Wszystko jak ... , aż się cniżywe
41%
Krzyczał, aż drżały na brzegach ...kwiatki
35%
Tak cudnie ... graśruba
29%
Marzył, by ... mógł tam trwaćwieki
29%

Rozkład punktacji

Percentyl według liczby udzielonych odpowiedzi

Procent ludzi z każdym wynikiem

Twoja historia wyników

Nie rozwiązałeś tego quizu